000 00672nam a22002057a 4500
005 20220110132510.0
008 s2527 th tha d
040 _aNALT
041 _atha
090 _aอศ ต146ค 2527
245 1 0 _aโคลงนิราศนรินทร์
260 3 _aกรุงเทพฯ :
_bอนงค์ศิลป์การพิมพ์,
_c2527
300 _a46 หน้า ;
_b 18 ซม.
650 0 4 _aตระกูล ทองมิตร, 2449--25245
650 0 4 _aนิราศ
850 _aNALT
856 4 0 _uhttps://dl.parliament.go.th/handle/lirt/590677
942 _cCRE
_2lcc
998 _j4612
_k นางสาววัลยา พุ่มต้นวงค์
999 _c23920
_d23920